| LEADER |
00777nam0a2200193 450 |
| 001 |
16848165 |
| 010 |
|
|
|a 978-2-35035-407-1
|b br.
|d 14,9
|
| 100 |
|
|
|a 20130130d2013 u u0frey01 ba
|
| 101 |
0 |
|
|a fre
|
| 102 |
|
|
|a FR
|
| 200 |
0 |
|
|a Aromathérapie pratique
|e le pouvoir des huiles essentielles
|f Léa Morgat
|
| 207 |
|
1 |
|a
|
| 210 |
|
|
|a Croissy-sur-Seine (Yvelines)
|c Anagramme éditions
|d 2013
|
| 215 |
|
|
|a 127 p.
|c illustrations en noir et blanc
|d 23 x 15 cm
|
| 330 |
|
|
|a Un guide pratique sur l'utilisation des huiles essentielles extraites des plantes, à des fins thérapeutiques.
|
| 700 |
|
0 |
|a Morgat
|b Léa
|4 70
|
| 900 |
|
|
|a Documentaire
|
| 901 |
|
|
|a Accessible au prêt
|
| 995 |
|
|
|a Bibliothèque
|c Bibliothèque
|f 00156005904198
|h 00156005904198
|k 615.32 MOR
|o p
|q a
|r az
|e Bibliothèque
|